00661cam a22002411 4500001001300000003000400013005001700017008004100034010001700075035002000092040001800112042001200130043002100142050001800163100003500181245005700216260001200273300002400285500001500309650004200324650003600366999001700402ne 62001518 DLC20260227111738.0890107s1961 xx 000 0 ara  ane 62001518  a(OCoLC)23523626 aDLCcMiUdDLC apremarc aaw-----af-ua---00aHE7190.8b.M21 aMaḥmūd, ʻAbd al-Munṣif.10aMin hudʹhud Sulaymān ilā ṭābiʻ al-barīd. c[1961?] a204, [3] p.c22 cm. aRomanized. 0aPostal servicezMiddle EastxHistory. 0aPostal servicezEgyptxHistory. c45296d45296